Catálogo
 En Linea

Diseño simplificado de estructuras de madera / (Registro nro. 23305)

Detalles MARC
000 -CABECERA
campo de control de longitud fija 01081nam a2200265 a 4500
001 - NÚMERO DE CONTROL
campo de control 000023809
005 - FECHA Y HORA DE LA ÚLTIMA TRANSACCIÓN
campo de control 20200930022500.0
008 - DATOS DE LONGITUD FIJA--INFORMACIÓN GENERAL
campo de control de longitud fija 110113s1972 mx 001 0 spa d
040 ## - FUENTE DE LA CATALOGACIÓN
Centro catalogador/agencia de origen DO-SdBNP
Lengua de catalogación spa
Centro/agencia transcriptor BNPHU
041 17 - CÓDIGO DE LENGUA
Código de lengua del texto/banda sonora o título independiente spa
Código de lengua original eng
Fuente del código Código de idiomas MARC
082 ## - NÚMERO DE LA CLASIFICACIÓN DECIMAL DEWEY
Número de clasificación nn*
Número de documento/Ítem nn*
049 ## - FONDOS LOCALES (OCLC)
Fondos de biblioteca BNGR
100 1# - ENTRADA PRINCIPAL--NOMBRE DE PERSONA
Nombre de persona Parker, Harry.
9 (RLIN) 49012
240 10 - TÍTULO UNIFORME
Título uniforme Simplified design of structural timber.
Lenguaje de la obra Español
245 10 - MENCIÓN DE TÍTULO
Título Diseño simplificado de estructuras de madera /
Mención de responsabilidad, etc. Harry Parker M. C. ; traducción Jose Luis Lepe Saucedo.
260 ## - PUBLICACIÓN, DISTRIBUCIÓN, ETC.
Lugar de publicación, distribución, etc. México, D. F. :
Nombre del editor, distribuidor, etc. Centro Regional de Ayuda Técnica. Agencia para el Desarrollo Internacional,
Fecha de publicación, distribución, etc. 1972.
300 ## - DESCRIPCIÓN FÍSICA
Extensión 294 p. :
Otras características físicas il. ;
Dimensiones 22 cm.
490 1# - MENCIÓN DE SERIE
Mención de serie Limusa Wiley
490 1# - MENCIÓN DE SERIE
Mención de serie Textos simplificados para arquitectura, ingeniería y construcciones
534 ## - NOTA SOBRE LA VERSIÓN ORIGINAL
Encabezamiento principal del original Título en inglés :
Mención de título del original Simplified design of structural timber
500 ## - NOTA GENERAL
Nota general Incluye índice.
700 1# - PUNTO DE ACCESO ADICIONAL--NOMBRE DE PERSONA
Nombre de persona Lepe Saucedo, Jose Luis,
Término indicativo de función/relación tr.
9 (RLIN) 49013
830 #0 - PUNTO DE ACCESO ADICIONAL DE SERIE-TÍTULO UNIFORME
Título uniforme Textos simplificados para arquitectura, ingeniería y construcciones
9 (RLIN) 49014
830 #0 - PUNTO DE ACCESO ADICIONAL DE SERIE-TÍTULO UNIFORME
Título uniforme Limusa Wiley
9 (RLIN) 49015
Existencias
Estado de retiro Estado de pérdida Restricciones de uso No para préstamo Código de colección Localización permanente Ubicación/localización actual Ubicación en estantería Fecha de adquisición Número de inventario Total de préstamos Signatura topográfica completa Código de barras Fecha visto por última vez Precio válido a partir de Tipo de ítem Koha Número de copia
        Monografías: Libros y Folletos General General En catalogación 13.01.2011 LF1   nn* nn* 23809-10 25.06.2020 25.06.2020 Préstamo en sala  
      Préstamo restrigido Monografías: Libros y Folletos General General En catalogación 13.01.2011 LF1   nn* nn* 23809-20 25.06.2020 25.06.2020 Préstamo en sala e. 2

Con tecnología Koha